|
|
|
|
| LEADER |
00000nam a22000007a 4500 |
| 005 |
20161211203126.0 |
| 007 |
cr|||| |||| |
| 008 |
161211s2011 cu |||||s|||| 00||0 spa d |
| 020 |
|
|
|a 978-959-7211-13-6
|
| 035 |
|
|
|a 14651
|
| 040 |
|
|
|a vLex
|
| 090 |
|
|
|c 6485
|d 6485
|
| 100 |
1 |
|
|a Matilla Correa, Andry
|
| 245 |
1 |
2 |
|a El Derecho pb︢lico en Cuba a comienzos del siglo XXI
|h [Recurso electrn̤ico] /
|c Andry Matilla Correa
|
| 256 |
|
|
|a Servicio en ln̕ea
|
| 260 |
|
|
|a La Habana:
|b Unin̤ Nacional de Juristas de Cuba,
|c 2011
|
| 300 |
|
|
|a 1 recurso electrn̤ico
|
| 506 |
1 |
|
|a Disponible solo en los productos indicados
|d vLex Global
|d vLex Global (Academic Edition, excluding Law Schools)
|d vLex Global (U.S. Academic Edition, Law Schools)
|d vLex Global (U.S. Academic Edition, excluding Law Schools)
|d vLex Global (Academic Edition, Law Schools)
|
| 650 |
0 |
4 |
|a Derecho Pb︢lico y Administrativo
|z Cuba
|
| 740 |
0 |
|
|a vLex Libros (Servicio en ln̕ea)
|
| 856 |
4 |
0 |
|u http://vlex.com/source/derecho-publico-en-cuba-a-comienzos-del-siglo-xxi-14651
|z Acceso restringido
|
| 942 |
|
|
|c BOOK
|
| 999 |
0 |
|
|a Public and Administrative Law
|